Wszystkie osiedla w Koszalinie - Statystyki

Ogólne statystyki
  • Ten quiz został rozwiązany 198 razy
  • Średni wynik to 7 z 17
Statystyki odpowiedzi
Podpowiedź Odpowiedź % Poprawnych
10 Rokosowo
73%
6 Morskie
72%
1 Bukowe/bukowo
67%
18 Jamno
50%
7 Na Skarpie
48%
5 Lubiatowo
46%
12 Śródmieście
46%
9 Raduszka
43%
2 Jedliny
34%
13 Tysiąclecia
26%
4 Lechitów
25%
11 Śniadeckich
24%
15 Uni Europejskiej
24%
16 Wańkowicza
23%
8 Nowobramskie
20%
17 Wspólny Dom
19%
3 Kotarbińskiego
18%
Nie znaleziono quizów pasujących do podanych kryteriów
Rozkład punktacji
Procent ludzi z każdym wynikiem
Percentyl według liczby udzielonych odpowiedzi
Twoja historia wyników
Nie rozwiązałeś tego quizu